[Event "Oberliga Ost-B 1617"]
[Site "Germany"]
[Date "2016.11.19"]
[Round "2.8"]
[White "Machowitsch, Wolf"]
[Black "Schnegelberger, Leon"]
[Result "1/2-1/2"]
[WhiteElo "1976"]
[BlackElo "1860"]
[PlyCount "21"]
[EventDate "2016.10.16"]
[EventType "team-tourn"]
[EventRounds "11"]
[EventCountry "GER"]
[SourceTitle "EXT 2018"]
[Source "ChessBase"]
[SourceDate "2017.10.13"]
[SourceVersion "1"]
[SourceVersionDate "2017.10.13"]
[SourceQuality "1"]
[WhiteTeam "Frankfurt Koenig Nied"]
[BlackTeam "Kassel"]
[WhiteTeamCountry "GER"]
[BlackTeamCountry "GER"]

1. d4 Nf6 2. c4 e6 3. Nf3 b6 4. Bg5 Be7 5. e3 Ne4 6. Bxe7 Qxe7 7. Nbd2 Bb7 8. Bd3 f5 9. Qc2 Nxd2 10. Qxd2 d6 11. 0-0-0 1/2-1/2

[Event "Hofheim Spring op-B 1st"]
[Site "Hofheim"]
[Date "2013.04.06"]
[Round "8"]
[White "Machowitsch, Wolf"]
[Black "Barisch, Florian"]
[Result "1-0"]
[WhiteElo "1998"]
[BlackElo "1974"]
[PlyCount "69"]
[EventDate "2013.04.02"]
[EventType "swiss"]
[EventRounds "9"]
[EventCountry "GER"]
[SourceTitle "EXT 2018"]
[Source "ChessBase"]
[SourceDate "2017.10.13"]
[SourceVersion "1"]
[SourceVersionDate "2017.10.13"]
[SourceQuality "1"]

1. Nf3 d5 2. d4 Nf6 3. c4 e6 4. Nc3 Be7 5. Bg5 0-0 6. e3 h6 7. Bh4 Ne4 8. Bxe7 Qxe7 9. Nxe4 dxe4 10. Nd2 f5 11. Qc2 b6 12. Be2 Bb7 13. 0-0-0 Nd7 14. f4 c5 15. dxc5 Nxc5 16. Nb3 Nxb3+ 17. Qxb3 Rfd8 18. g4 Kh7 19. gxf5 exf5 20. Qc3 Rac8 21. Rhg1 Ba6 22. a3 b5 23. Rxd8 Rxd8 24. Qa5 Qc5 25. Rg3 Rd6 26. Qc3 Rd7 27. cxb5 Qd6 28. bxa6 Rc7 29. Bc4 Qc5 30. b3 Qxa3+ 31. Qb2 Qa5 32. Rg1 Qb6 33. Qd4 Qa5 34. Kb2 g6 35. Qd5 1-0

[Event "Hofheim Spring op-B 1st"]
[Site "Hofheim"]
[Date "2013.04.05"]
[Round "5"]
[White "Keymer, Vincent"]
[Black "Machowitsch, Wolf"]
[Result "1/2-1/2"]
[WhiteElo "1789"]
[BlackElo "1998"]
[PlyCount "73"]
[EventDate "2013.04.02"]
[EventType "swiss"]
[EventRounds "9"]
[EventCountry "GER"]
[SourceTitle "EXT 2018"]
[Source "ChessBase"]
[SourceDate "2017.10.13"]
[SourceVersion "1"]
[SourceVersionDate "2017.10.13"]
[SourceQuality "1"]

1. e4 e5 2. d4 d5 3. exd5 exd4 4. Bd3 Bd6 5. Ne2 Ne7 6. Bf4 Bf5 7. Bxd6 Qxd6 8. c3 Nd7 9. 0-0 Nf6 10. Bxf5 Nxf5 11. Qd3 g6 12. Na3 c6 13. Nc2 0-0 14. b4 b5 15. a4 a6 16. Nc1 Rfe8 17. Nb3 Qc7 18. Nc5 Ne4 19. a5 Nxc5 20. bxc5 Re4 21. Nb4 Qb7 22. Rfe1 Rae8 23. Qd2 Kg7 24. f3 R4e6 25. Rxe6 fxe6 26. f4 Ne7 27. Qe2 Ng8 28. Qe5+ Nf6 29. Rc1 Kf7 30. Rc2 Rd8 31. h3 Ne4 32. Kf1 Rf8 33. Ke1 Ke7 34. g4 Rf7 35. Kd1 Kd7 36. Kc1 Qc7 37. Nxa6 1/2-1/2

[Event "Karl Mala Memorial op 13th"]
[Site "Frankfurt"]
[Date "2010.07.10"]
[Round "4"]
[White "Machowitsch, Wolf"]
[Black "Reschke, Thomas"]
[Result "0-1"]
[WhiteElo "2001"]
[BlackElo "2193"]
[PlyCount "24"]
[EventDate "2010.07.08"]
[EventType "swiss"]
[EventRounds "7"]
[EventCountry "GER"]
[SourceTitle "EXT 2012"]
[Source "ChessBase"]
[SourceDate "2011.11.24"]
[SourceVersion "1"]
[SourceVersionDate "2011.11.24"]
[SourceQuality "1"]

1. d4 g6 2. c4 Bg7 3. Nc3 d6 4. e4 a6 5. h3 c6 6. Be3 b5 7. g4 Nd7 8. Nge2 bxc4 9. Ng3 d5 10. exd5 cxd5 11. Nxd5 Bb7 12. Bg2 Bxd5 0-1

[Event "Frankfurt-ch"]
[Site "Frankfurt"]
[Date "2010.05.31"]
[Round "5"]
[White "Machowitsch, Wolf"]
[Black "Riha, Peter"]
[Result "1-0"]
[WhiteElo "1987"]
[BlackElo "1821"]
[PlyCount "51"]
[EventDate "2010.04.26"]
[EventType "swiss"]
[EventRounds "7"]
[EventCountry "GER"]
[SourceTitle "EXT 2011"]
[Source "ChessBase"]
[SourceDate "2010.11.26"]
[SourceVersion "1"]
[SourceVersionDate "2010.11.26"]
[SourceQuality "1"]

1. d4 Nf6 2. c4 g6 3. Nc3 d5 4. cxd5 Nxd5 5. e4 Nxc3 6. bxc3 Bg7 7. Be3 c5 8. Bc4 0-0 9. Ne2 Nc6 10. 0-0 Qc7 11. Rc1 Rd8 12. a4 e6 13. Qd2 Qa5 14. Qb2 Qxa4 15. Bb5 Qa5 16. dxc5 Bd7 17. Bf4 Ne5 18. Nd4 Bxb5 19. Nxb5 Rd7 20. Rfd1 Rxd1+ 21. Rxd1 Qa4 22. Qb1 Nc6 23. Nd6 e5 24. Be3 Rd8 25. Rd2 Na5 26. Ra2 1-0

[Event "Bad Woerishofen op 26th"]
[Site "Bad Woerishofen"]
[Date "2010.03.14"]
[Round "9"]
[White "Machowitsch, Wolf"]
[Black "Meul, Willi"]
[Result "1-0"]
[WhiteElo "1987"]
[BlackElo "1891"]
[PlyCount "77"]
[EventDate "2010.03.06"]
[EventType "swiss"]
[EventRounds "9"]
[EventCountry "GER"]
[SourceTitle "CBM 135 Extra"]
[Source "ChessBase"]
[SourceDate "2010.05.04"]
[SourceVersion "1"]
[SourceVersionDate "2010.05.04"]
[SourceQuality "1"]

1. d4 Nf6 2. g3 g6 3. Bg2 d5 4. c4 c6 5. Nc3 Bg7 6. cxd5 Nxd5 7. e4 Nxc3 8. bxc3 0-0 9. Ne2 Nd7 10. 0-0 Nb6 11. a4 a5 12. Rb1 Be6 13. Be3 Bc4 14. Re1 c5 15. e5 cxd4 16. Bxd4 Nd5 17. Rxb7 e6 18. Qc1 Rb8 19. Ra7 Rb3 20. Nf4 Bh6 21. Rd1 Nxf4 22. gxf4 Qh4 23. Be3 Rfb8 24. Ra8 Rxa8 25. Bxa8 Qg4+ 26. Kh1 Be2 27. Re1 Bf3+ 28. Bxf3 Qxf3+ 29. Kg1 Qc6 30. c4 Qxa4 31. c5 Qc6 32. Qd2 a4 33. Qd6 Qb5 34. c6 Rb1 35. Rxb1 Qxb1+ 36. Kg2 Qe4+ 37. Kg3 Bf8 38. c7 Bxd6 39. c8Q+ 1-0

[Event "Bad Woerishofen op 26th"]
[Site "Bad Woerishofen"]
[Date "2010.03.12"]
[Round "7"]
[White "Machowitsch, Wolf"]
[Black "Thieme Garmann, Alexander"]
[Result "0-1"]
[WhiteElo "1987"]
[BlackElo "2145"]
[PlyCount "58"]
[EventDate "2010.03.06"]
[EventType "swiss"]
[EventRounds "9"]
[EventCountry "GER"]
[SourceTitle "CBM 135 Extra"]
[Source "ChessBase"]
[SourceDate "2010.05.04"]
[SourceVersion "1"]
[SourceVersionDate "2010.05.04"]
[SourceQuality "1"]

1. d4 Nf6 2. g3 d6 3. Bg2 g6 4. Nf3 Bg7 5. 0-0 0-0 6. c4 Nbd7 7. Nc3 e5 8. dxe5 dxe5 9. Qc2 c6 10. b3 Re8 11. Bb2 Qa5 12. Rfd1 Nf8 13. a3 e4 14. Nd4 e3 15. f4 Qh5 16. Ne4 Nxe4 17. Bxe4 Rxe4 18. Qxe4 c5 19. Qxe3 cxd4 20. Bxd4 Bxd4 21. Rxd4 Bd7 22. Qf2 Re8 23. Ra2 Bc6 24. b4 Qf5 25. Rad2 Qb1+ 26. Qf1 Qb3 27. b5 Be4 28. Qc1 Qe3+ 29. Kf1 Bf5 0-1

[Event "Karl Mala Memorial op 12th"]
[Site "Frankfurt"]
[Date "2009.07.19"]
[Round "7"]
[White "Will, Dominik"]
[Black "Machowitsch, Wolf"]
[Result "1-0"]
[WhiteElo "1931"]
[BlackElo "1983"]
[PlyCount "41"]
[EventDate "2009.07.16"]
[EventType "swiss"]
[EventRounds "7"]
[EventCountry "GER"]
[SourceTitle "EXT 2010"]
[Source "ChessBase"]
[SourceDate "2010.11.25"]
[SourceVersion "1"]
[SourceVersionDate "2010.11.25"]
[SourceQuality "1"]

1. e4 e5 2. Nf3 Nc6 3. Bb5 Nd4 4. Nxd4 exd4 5. 0-0 Bc5 6. d3 Ne7 7. Nd2 0-0 8. c3 dxc3 9. bxc3 c6 10. Ba4 d5 11. d4 Bb6 12. e5 Bf5 13. Ba3 Re8 14. f4 Ng6 15. Kh1 Qh4 16. Bc2 Bxc2 17. Qxc2 Qg4 18. f5 Nh4 19. g3 f6 20. gxh4 fxe5 21. f6 1-0

[Event "Karl Mala Memorial op 11th"]
[Site "Frankfurt"]
[Date "2008.06.28"]
[Round "5"]
[White "Machowitsch, Wolf"]
[Black "Auschkalnis, Reinhard"]
[Result "1-0"]
[WhiteElo "1710"]
[BlackElo "1888"]
[PlyCount "129"]
[EventDate "2008.06.26"]
[EventType "swiss"]
[EventRounds "7"]
[EventCountry "GER"]
[SourceTitle "CBM 125 Extra"]
[Source "ChessBase"]
[SourceDate "2008.09.01"]
[SourceVersion "1"]
[SourceVersionDate "2008.09.01"]
[SourceQuality "1"]

1. f4 d5 2. Nf3 Nf6 3. e3 c5 4. b3 g6 5. Bb2 Bg7 6. Bb5+ Bd7 7. Qe2 a6 8. Bxd7+ Qxd7 9. d3 0-0 10. 0-0 Nc6 11. Nbd2 Rfd8 12. a3 Rac8 13. Rae1 Qc7 14. Ne5 e6 15. Rf3 b5 16. Rh3 Nd7 17. Nxc6 Qxc6 18. Bxg7 Kxg7 19. e4 Nf8 20. Qf2 Re8 21. Qh4 Qd7 22. e5 Qe7 23. Qh6+ Kh8 24. Nf3 Rc7 25. Nh4 f5 26. Nxg6+ Nxg6 27. Qxg6 Rg8 28. Qf6+ Rg7 29. Rh6 Rc6 30. Re3 Kg8 31. Reh3 c4 32. dxc4 dxc4 33. b4 Qd7 34. Rf3 Qd1+ 35. Rf1 Qd4+ 36. Kh1 Qd7 37. Qh4 Rg4 38. Qf2 c3 39. Rh3 Rc4 40. Rd3 Qc7 41. g3 Qc6+ 42. Qf3 Rg7 43. Rd6 Qe8 44. Rfd1 Rc8 45. R1d3 Rgc7 46. Rxa6 Rd7 47. Rad6 Rdc7 48. Qe3 Rc6 49. Qa7 R6c7 50. Qb6 Kf7 51. Rd8 Qc6+ 52. Qxc6 Rxc6 53. Rxc8 Rxc8 54. Kg2 Rc7 55. Kf2 Ke7 56. Ke3 Rc4 57. Rd4 Rc6 58. Kd3 h5 59. Rd6 Rxd6+ 60. exd6+ Kxd6 61. Kxc3 e5 62. fxe5+ Kxe5 63. Kd3 f4 64. gxf4+ Kxf4 65. c4 1-0

[Event "Karl Mala Memorial op 11th"]
[Site "Frankfurt"]
[Date "2008.06.27"]
[Round "3"]
[White "Machowitsch, Wolf"]
[Black "Ackermann, Johannes"]
[Result "1-0"]
[WhiteElo "1710"]
[BlackElo "1904"]
[PlyCount "55"]
[EventDate "2008.06.26"]
[EventType "swiss"]
[EventRounds "7"]
[EventCountry "GER"]
[SourceTitle "CBM 125 Extra"]
[Source "ChessBase"]
[SourceDate "2008.09.01"]
[SourceVersion "1"]
[SourceVersionDate "2008.09.01"]
[SourceQuality "1"]

1. f4 e5 2. fxe5 d6 3. exd6 Bxd6 4. Nf3 Bg4 5. d4 Bxf3 6. exf3 Qh4+ 7. Ke2 Nc6 8. Be3 Nf6 9. Bf2 Qg5 10. Qd2 Qf5 11. Kd1 0-0-0 12. Bd3 Qh5 13. c3 Rhe8 14. h4 h6 15. Re1 Qa5 16. Rxe8 Rxe8 17. Qc2 Nd5 18. Be4 Nce7 19. Nd2 Bf4 20. Nc4 Qb5 21. Qb3 Qa6 22. Kc2 Kb8 23. Re1 Rd8 24. Bd3 Qf6 25. Nd2 Nf5 26. Ne4 Nfe3+ 27. Bxe3 Nxe3+ 28. Rxe3 1-0